Регионална библиотека "Любен Каравелов" - Русе

Опра Уинфри (Запис номер 81330)

MARC детайли
000 -Лидер
Контролно поле с фиксирана дължина 01921nam a2200469 c 4500
003 - Код на организацията, давaща контролен номер
Контролно поле BLK
005 - Дата и час на последна редакция
Контролно поле 20250714111248.0
008 - Елементи от данни с фиксирана дължина
fixed length control field 180408b bul|||||r ||||||| ||bul||
010 ## - Наследен системен номер
LC control number KNG00085832000
020 ## - Международен стандартен номер на книга ISBN
Международен стандартен номер на книга ISBN 978-954-376-014-5
-- издат.: Жануа-98
040 ## - Източник на каталожния запис
Идентификатор на билиотеката - собственик на записа BLK
041 ## - Код за език
Код за езика на текст/звукозапис или на отделно заглавие Български
Код за езика КДБФ Български
080 ## - УДК
Текстов определител УДК Телевизионна журналистика
УДК код - определител по УДК 07:654.197
УДК определител (73)(092)
УДК - код + определител 07:654.197(73)(092)
080 ## - УДК
Текстов определител УДК Американска тележурналистка
УДК код - определител по УДК 929 Уинфри, Опра
УДК определител
УДК - код + определител 929 Уинфри, Опра
100 1# - Редна дума - Автор
Автор Гарсън, Хелън
Авторска отговорност първи автор
R(LIN) 51443
139 ## - Редно поле
Редна дума Гарсън, Хелън
Авторски знак Уин - У 41
245 10 - Сведения за заглавието
Заглавие Опра Уинфри
Подзаглавни данни Биография
Редно поле (дума) Хелън Гарсън; прев. Мариана Стефанова Хил.
257 ## - Страна на издаване
Страна на създаване/издаване Съединени американски щати
260 ## - Област на издателските данни
-- София
Име на издателя, разпространителя и проч. Жануа-98
Година на издаване 2008
300 ## - Физическа характеристика
Страници 296 с.
Илюстрации и др. със сн.
Размери/Мащаб 20 см
380 ## - Жанр
Жанр Техника
490 1# - СЕРИИ (Колекции)
Име на серия Книгите на новия свят
500 ## - Общи забележки
Забележка Ориг. загл. Oprah Winfrey : A Biography / Helen S. Garson
590 ## - Забележки на библиотеката, притежаваща документа (RLIN)
Служебно ф
600 14 - Име на лице, използвано като предмет
За него / За нея Уинфри, Опра
9 (RLIN) 132764
650 #4 - Допълнително описание по предмет – тема
Основно описание – тема или топоним Журналисти, американски
9 (RLIN) 253651
650 #4 - Допълнително описание по предмет – тема
Основно описание – тема или топоним Телевизионна журналистика - САЩ
9 (RLIN) 253652
650 #4 - Допълнително описание по предмет – тема
Основно описание – тема или топоним Уинфри, Опра
9 (RLIN) 132764
651 #4 - Допълнително описание по предмет - топоним
Географско понятие САЩ
9 (RLIN) 179493
653 ## - Ключова дума – ненормативна
Ключова дума Опра Уинфри
653 ## - Ключова дума – ненормативна
Ключова дума телевизионна журналистика
653 ## - Ключова дума – ненормативна
Ключова дума шоубизнес
653 ## - Ключова дума – ненормативна
Ключова дума журналисти
653 ## - Ключова дума – ненормативна
Ключова дума биографии
700 ## - Други автори (авторска отговорност)
Лично име Хил, Мариана Стефанова
Дати, свързани с автора 1960 -
Друга информация Преводач от/на немски и английски език
9 (RLIN) 372438
852 ## - Местоположение
Форматна сигнатура Цб 241473
856 4# - Електронен адрес и достъп
Електронен формат pdf - файл
Път до файла /url/
856 4# - Електронен адрес и достъп
Електронен формат pdf - файл
Път до файла /url/
942 ## - АРТИКУЛИ
Вид на библиотечния материал Книги
Скрит в OPAC Не
Koha issues (borrowed), all copies 46
944 ## - СЪЗДАВАНЕ И РЕДАКЦИЯ на ЗАПИСА
Създаване/Редакция Създаване
Дата на регистрацията/редакция 02.10.2008
Служител, извършил регистрацията/редакцията 30531
Статус, дата на статуса Цветелина Шанова
944 ## - СЪЗДАВАНЕ И РЕДАКЦИЯ на ЗАПИСА
Създаване/Редакция Редакция
Дата на регистрацията/редакция 12.10.2009
Служител, извършил регистрацията/редакцията
999 ## - СИСТЕМНИ КОНТРОЛНИ НОМЕРА
Koha biblionumber 81330
Koha biblioitemnumber 81330
Наличности
Код за отписване Код за изгубен артикул Код за повреда Коз за рестрикции Код за отдаване Артикулен № Име на библиотеката - собственик Име на библиотеката, в която се намира в момента Статус (Текущо местоположение) Дата на вписване в системата Местоположение - отдел Цена в лева Инвентарен номер Систематично азбучна сигнатура Баркод Номер на екземпляра Цена в евро Служебна бележка Служебен тип на артикула Източник на класификационната схема
  Не е изгубен Не е повреден без рестрикции заемане за дома 131822 Регионална библиотека "Любен Каравелов" Русе Регионална библиотека "Любен Каравелов" Русе Заемна - подръчен фонд 2008-09-26 Заемна - подръчен фонд 12.00 120000729614 П 07(092)/У 41 120000729614 1 6.14 Дост: Pk Вид: Ф N: 8934 Дата: 24.09.2008 Дата инв: 14.03.2018 Бележки инв: П2018 Книги  
  Не е изгубен Не е повреден без рестрикции заемане за дома 131823 Регионална библиотека "Любен Каравелов" Русе Регионална библиотека "Любен Каравелов" Русе Заемна - подръчен фонд 2008-09-26 Заемна - подръчен фонд 12.00 120000729615 П 07(092)/У 41 120000729615 2 6.14 Дост: Pk Вид: Ф N: 8934 Дата: 24.09.2008 Дата инв: 15.02.2018 Бележки инв: П2018 Книги Universal Decimal Classification
  Не е изгубен Не е повреден без рестрикции ползва се в читалня 131824 Регионална библиотека "Любен Каравелов" Русе Регионална библиотека "Любен Каравелов" Русе Хранилище 2009-10-12 Хранилище 12.00 120000738944 Цб 241473 120000738944 3 6.14 Дост: Dp Вид: Д N: 17 Дата: 15.04.2009 Книги  
Vip Innovations Ltd, Rousse, Bulgaria 2025